000 00269nam a2200121Ia 4500
008 241002s9999 xx 000 0 und d
082 _a808.84 LAW
100 _aLawrence, D.H
245 0 _aSelected Essays
260 _aN/A
_c1960
600 _aLiterature
942 _cUC
999 _c18372
_d18372